[Event "XXXI Torre Memorial 2019"]
[Site "Merida"]
[Date "2019.12.14"]
[Round "2.14"]
[White "Kevlishvili, Robby"]
[Black "Blanco Fernandez, Alvaro"]
[Result "1-0"]
[WhiteElo "2457"]
[BlackElo "2292"]
[Annotator "ChessBase"]
[PlyCount "81"]
[EventDate "2019.12.13"]
[EventType "swiss"]
[EventCountry "MEX"]
[SourceTitle "playchess.com"]
[Source "ChessBase"]
[SourceQuality "1"]
[TimeControl "5400+30"]

1. e4 {[%emt 0:08:22]} c5 {[%emt 0:00:00]} 2. Nf3 {[%emt 0:00:03]} Nc6 {[%emt 0:00:00]} 3. d4 {[%emt 0:00:05]} cxd4 {[%emt 0:00:00]} 4. Nxd4 {[%emt 0:00:03]} Qb6 {[%emt 0:00:51]} 5. Nb3 {[%emt 0:00:08]} Nf6 {[%emt 0:00:09]} 6. Nc3 {[%emt 0:00:13]} e6 {[%emt 0:00:05]} 7. a3 d6 {[%emt 0:02:18]} 8. Be3 {[%emt 0:00:47]} Qc7 {[%emt 0:00:08]} 9. f4 {[%emt 0:00:56]} a6 {[%emt 0:00:56]} 10. Qf3 {[%emt 0:00:56]} Rb8 {[%emt 0:01:49]} 11. Bd3 {[%emt 0:25:08]} b5 {[%emt 0:01:28]} 12. O-O {[%emt 0:00:36]} b4 {[%emt 0:01:45]} 13. axb4 {[%emt 0:01:47]} Nxb4 {[%emt 0:00:09]} 14. Na5 {[%emt 0:02:28]} Nd7 {[%emt 0:08:31]} 15. Qe2 {[%emt 0:03:31]} Be7 {[%emt 0:04:29]} 16. Bd4 {[%emt 0:05:12]} O-O {[%emt 0:04:16]} 17. Nd1 {[%emt 0:08:19]} Bf6 {[%emt 0:08:25]} 18. Bxf6 {[%emt 0:09:27]} Nxf6 {[%emt 0:01:00]} 19. Nf2 {[%emt 0:01:07]} e5 {[%emt 0:08:27]} 20. fxe5 {[%emt 0:00:27]} dxe5 {[%emt 0:00:02]} 21. Bc4 {[%emt 0:00:27]} Nc6 {[%emt 0:03:03]} 22. Nxc6 {[%emt 0:03:58]} Qxc6 {[%emt 0:00:02]} 23. b3 {[%emt 0:00:09]} Rb6 {[%emt 0:08:05]} 24. Ra5 {[%emt 0:00:58]} Be6 {[%emt 0:01:19]} 25. Bxa6 {[%emt 0:01:56]} Qc3 {[%emt 0:01:01]} 26. Rfa1 {[%emt 0:04:38]} Ra8 {[%emt 0:01:51]} 27. Qd3 {[%emt 0:00:27]} Qc7 {[%emt 0:01:31]} 28. Bc4 {[%emt 0:02:14]} Rd8 {[%emt 0:09:47]} 29. Bd5 {[%emt 0:01:07]} Bxd5 {[%emt 0:06:32]} 30. exd5 {[%emt 0:00:06]} Rb4 {[%emt 0:00:29]} 31. Ra8 {[%emt 0:03:21]} Rbb8 {[%emt 0:00:32]} 32. Rxb8 {[%emt 0:01:53]} Qxb8 {[%emt 0:00:01]} 33. c4 {[%emt 0:00:29]} e4 {[%emt 0:00:36]} 34. Nxe4 {[%emt 0:01:59]} Nxe4 {[%emt 0:01:49]} 35. Qxe4 {[%emt 0:00:23]} Qb6+ {[%emt 0:00:26]} 36. Kh1 {[%emt 0:00:05]} Qxb3 {[%emt 0:00:15]} 37. Qd4 {[%emt 0:00:13]} h5 {[%emt 0:00:30]} 38. d6 {[%emt 0:01:06]} Qb7 {[%emt 0:02:08]} 39. c5 {[%emt 0:00:28]} Qc6 {[%emt 0:00:19]} 40. Rd1 {[%emt 0:00:08]} Rd7 {[%emt 0:00:31]} 41. Qd5 {[%emt 0:00:18]} 1-0

[Event "XXXI Torre Memorial 2019"]
[Site "Merida"]
[Date "2019.12.14"]
[Round "2.15"]
[White "Galaviz Medina, Sion Radamantys"]
[Black "Diaz Perez, Michel Alejandro"]
[Result "0-1"]
[WhiteElo "2299"]
[BlackElo "2455"]
[Annotator "ChessBase"]
[PlyCount "96"]
[EventDate "2019.12.13"]
[EventType "swiss"]
[EventCountry "MEX"]
[SourceTitle "playchess.com"]
[Source "ChessBase"]
[SourceQuality "1"]
[TimeControl "5400+30"]

1. d4 {[%emt 0:00:08]} Nf6 {[%emt 0:01:02]} 2. Nf3 {[%emt 0:01:50]} e6 {[%emt 0:00:36]} 3. c4 {[%emt 0:14:16]} d5 {[%emt 0:04:19]} 4. Nc3 {[%emt 0:00:25]} Nbd7 {[%emt 0:00:06]} 5. Bg5 {[%emt 0:02:05]} c6 {[%emt 0:00:17]} 6. e3 {[%emt 0:03:28]} Qa5 {[%emt 0:00:39]} 7. cxd5 {[%emt 0:15:27]} Nxd5 {[%emt 0:00:32]} 8. Qb3 {[%emt 0:01:14]} Bb4 {[%emt 0:03:13]} 9. Rc1 {[%emt 0:01:13]} h6 {[%emt 0:01:47]} 10. Bh4 {[%emt 0:01:00]} b6 {[%emt 0:04:11]} 11. Nd2 {[%emt 0:06:54]} Ba6 {[%emt 0:07:03]} 12. Bxa6 {[%emt 0:10:54]} Bxc3 {[%emt 0:00:48]} 13. bxc3 {[%emt 0:00:02]} Qxa6 {[%emt 0:00:12]} 14. c4 {[%emt 0:00:03]} Ne7 {[%emt 0:05:54]} 15. e4 {[%emt 0:04:00]} Ng6 {[%emt 0:05:56]} 16. Bg3 {[%emt 0:00:19]} Qa5 {[%emt 0:02:23]} 17. Qe3 {[%emt 0:04:00]} e5 {[%emt 0:04:15]} 18. dxe5 {[%emt 0:02:35]} Ndxe5 {[%emt 0:04:21]} 19. O-O {[%emt 0:00:57]} Rd8 {[%emt 0:01:48]} 20. Rc2 {[%emt 0:03:14]} O-O {[%emt 0:05:27]} 21. f4 {[%emt 0:02:33]} Ng4 {[%emt 0:01:48]} 22. Qe2 {[%emt 0:01:18]} Qc5+ {[%emt 0:00:14]} 23. Kh1 {[%emt 0:00:22]} h5 {[%emt 0:00:06]} 24. Re1 {[%emt 0:07:01]} f5 {[%emt 0:04:52]} 25. h3 {[%emt 0:01:08]} h4 {[%emt 0:00:14]} 26. Bxh4 {[%emt 0:05:42]} Nxf4 {[%emt 0:11:47]} 27. Qf3 {[%emt 0:04:10]} Nd3 {[%emt 0:00:47]} 28. hxg4 {[%emt 0:01:10]} Nxe1 {[%emt 0:00:36]} 29. Bxe1 {[%emt 0:00:13]} fxe4 {[%emt 0:01:11]} 30. Qe2 {[%emt 0:00:50]} Rd6 {[%emt 0:02:46]} 31. g5 {[%emt 0:02:14]} Qxg5 {[%emt 0:02:47]} 32. Nxe4 {[%emt 0:01:01]} Qh6+ {[%emt 0:00:02]} 33. Kg1 {[%emt 0:00:06]} Re6 {[%emt 0:00:06]} 34. c5 {[%emt 0:04:33]} b5 {[%emt 0:00:42]} 35. Qd3 {[%emt 0:00:21]} Qf4 {[%emt 0:01:29]} 36. Rf2 {[%emt 0:00:42]} Qxe4 {[%emt 0:00:16]} 37. Rxf8+ {[%emt 0:00:18]} Kxf8 {[%emt 0:00:02]} 38. Qd8+ {[%emt 0:00:08]} Re8 {[%emt 0:02:49]} 39. Qd6+ {[%emt 0:00:05]} Qe7 {[%emt 0:00:25]} 40. Bh4 {[%emt 0:00:14]} Qxd6 {[%emt 0:02:08]} 41. cxd6 {[%emt 0:00:01]} g5 {[%emt 0:00:09]} 42. Bxg5 {[%emt 0:00:08]} Re1+ {[%emt 0:00:04]} 43. Kf2 {[%emt 0:00:05]} Rd1 {[%emt 0:00:01]} 44. Be3 {[%emt 0:00:47]} Ke8 {[%emt 0:00:14]} 45. Bxa7 {[%emt 0:00:52]} Rd2+ {[%emt 0:00:03]} 46. Kf3 {[%emt 0:00:07]} Rxa2 {[%emt 0:00:03]} 47. Bd4 {[%emt 0:00:51]} b4 {[%emt 0:00:20]} 48. Ke4 {[%emt 0:01:08]} Rxg2 0-1

[Event "XXXI Torre Memorial 2019"]
[Site "Merida"]
[Date "2019.12.14"]
[Round "2.16"]
[White "Della Morte, Pablo"]
[Black "Martinez Ramirez, Lennis"]
[Result "0-1"]
[WhiteElo "2295"]
[BlackElo "2454"]
[Annotator "ChessBase"]
[PlyCount "80"]
[EventDate "2019.12.13"]
[EventType "swiss"]
[EventCountry "MEX"]
[SourceTitle "playchess.com"]
[Source "ChessBase"]
[SourceQuality "1"]
[TimeControl "5400+30"]

1. e4 {[%emt 0:00:32]} Nc6 {[%emt 0:00:27]} 2. Nf3 {[%emt 0:00:34]} e5 {[%emt 0:00:23]} 3. Bc4 {[%emt 0:00:52]} Nf6 {[%emt 0:00:12]} 4. d3 {[%emt 0:00:21]} Bc5 {[%emt 0:00:41]} 5. O-O {[%emt 0:00:55]} d6 {[%emt 0:00:57]} 6. c3 {[%emt 0:01:25]} O-O {[%emt 0:06:30]} 7. Nbd2 {[%emt 0:08:19]} a6 {[%emt 0:04:14]} 8. Bb3 {[%emt 0:01:47]} Ba7 {[%emt 0:01:23]} 9. h3 {[%emt 0:00:23]} Kh8 {[%emt 0:01:22]} 10. Re1 {[%emt 0:05:59]} Ng8 {[%emt 0:02:42]} 11. Nf1 {[%emt 0:00:21]} f5 {[%emt 0:01:32]} 12. exf5 {[%emt 0:03:59]} Bxf5 {[%emt 0:01:01]} 13. Ng3 {[%emt 0:00:16]} Bg6 {[%emt 0:03:07]} 14. d4 {[%emt 0:01:47]} h6 {[%emt 0:17:59]} 15. Be3 {[%emt 0:06:17]} e4 {[%emt 0:04:39]} 16. Nd2 {[%emt 0:00:50]} d5 {[%emt 0:01:16]} 17. Qg4 {[%emt 0:13:39]} Nce7 {[%emt 0:00:42]} 18. f3 {[%emt 0:22:05]} Nf6 {[%emt 0:01:56]} 19. Qh4 {[%emt 0:01:31]} Bh7 {[%emt 0:00:28]} 20. Ngf1 {[%emt 0:00:35]} Nf5 {[%emt 0:03:05]} 21. Qf2 {[%emt 0:00:07]} c5 {[%emt 0:00:25]} 22. Rad1 {[%emt 0:06:04]} Nxe3 {[%emt 0:04:35]} 23. Qxe3 {[%emt 0:01:24]} cxd4 {[%emt 0:01:26]} 24. cxd4 {[%emt 0:00:07]} Qb6 {[%emt 0:00:13]} 25. Nb1 {[%emt 0:01:20]} exf3 {[%emt 0:00:16]} 26. Nc3 {[%emt 0:04:34]} Ng4 {[%emt 0:08:17]} 27. hxg4 {[%emt 0:00:52]} f2+ {[%emt 0:00:07]} 28. Kh1 {[%emt 0:02:02]} fxe1=Q {[%emt 0:00:09]} 29. Qxe1 {[%emt 0:00:14]} Rae8 {[%emt 0:00:58]} 30. Qd2 {[%emt 0:00:07]} Qf6 {[%emt 0:02:28]} 31. Bxd5 {[%emt 0:04:12]} Qh4+ {[%emt 0:00:57]} 32. Kg1 {[%emt 0:00:06]} Qxg4 {[%emt 0:00:11]} 33. Bxb7 {[%emt 0:04:13]} Bc2 {[%emt 0:02:59]} 34. Nh2 {[%emt 0:02:46]} Qg6 {[%emt 0:00:16]} 35. Rc1 {[%emt 0:00:29]} Bd3 {[%emt 0:00:23]} 36. Nf3 {[%emt 0:00:47]} Rxf3 {[%emt 0:01:13]} 37. Bxf3 {[%emt 0:00:06]} Bxd4+ {[%emt 0:00:04]} 38. Kh1 {[%emt 0:00:22]} Qg3 {[%emt 0:01:19]} 39. Bg4 {[%emt 0:02:22]} Qxg4 {[%emt 0:00:09]} 40. Qxd3 {[%emt 0:00:23]} Re3 {[%emt 0:00:05]} 0-1

[Event "XXXI Torre Memorial 2019"]
[Site "Merida"]
[Date "2019.12.14"]
[Round "2.17"]
[White "Fernandez Cardoso, Alexey"]
[Black "Fernandez Bustamante, Leancy B."]
[Result "1/2-1/2"]
[WhiteElo "2441"]
[BlackElo "2069"]
[Annotator "NA"]
[PlyCount "82"]
[EventDate "2019.12.13"]
[EventType "swiss"]
[EventCountry "MEX"]
[SourceTitle "playchess.com"]
[Source "ChessBase"]
[SourceQuality "1"]
[TimeControl "5400+30"]

1. e4 {[%emt 0:01:38]} c5 {[%emt 0:00:00]} 2. Nf3 {[%emt 0:00:07]} a6 {[%emt 0:00:00]} 3. Nc3 {[%emt 0:00:10]} b5 {[%emt 0:00:55]} 4. d4 {[%emt 0:00:41]} cxd4 {[%emt 0:01:01]} 5. Nxd4 {[%emt 0:00:17]} Bb7 {[%emt 0:00:58]} 6. Bd3 {[%emt 0:05:24]} g6 {[%emt 0:06:17]} 7. f4 {[%emt 0:02:12]} Bg7 {[%emt 0:03:25]} 8. Nf3 {[%emt 0:00:07]} Nf6 {[%emt 0:05:36]} 9. e5 {[%emt 0:02:32]} Ng4 {[%emt 0:08:11]} 10. h3 {[%emt 0:02:58]} Nh6 {[%emt 0:00:12]} 11. Be4 {[%emt 0:01:01]} Bxe4 {[%emt 0:03:26]} 12. Nxe4 {[%emt 0:00:08]} O-O {[%emt 0:01:00]} 13. Be3 {[%emt 0:00:45]} Nf5 {[%emt 0:04:39]} 14. Bf2 {[%emt 0:00:10]} d5 {[%emt 0:04:09]} 15. Nc5 {[%emt 0:05:06]} Qa5+ {[%emt 0:05:59]} 16. c3 {[%emt 0:01:32]} b4 {[%emt 0:03:22]} 17. Nb3 {[%emt 0:06:54]} Qb5 {[%emt 0:03:03]} 18. g4 {[%emt 0:00:16]} bxc3 {[%emt 0:03:43]} 19. gxf5 {[%emt 0:01:54]} cxb2 {[%emt 0:00:07]} 20. Rb1 {[%emt 0:00:28]} Qb4+ {[%emt 0:00:15]} 21. Kf1 {[%emt 0:03:34]} Qxf4 {[%emt 0:03:37]} 22. Qxd5 {[%emt 0:00:56]} Nd7 {[%emt 0:05:16]} 23. Rxb2 {[%emt 0:05:06]} Nxe5 {[%emt 0:04:14]} 24. Nxe5 {[%emt 0:01:13]} Rad8 {[%emt 0:06:11]} 25. Qf3 {[%emt 0:00:11]} Qxf3 {[%emt 0:02:11]} 26. Nxf3 {[%emt 0:00:28]} Bxb2 {[%emt 0:01:18]} 27. fxg6 {[%emt 0:00:07]} hxg6 {[%emt 0:01:37]} 28. Ke2 {[%emt 0:00:10]} Rd5 {[%emt 0:03:02]} 29. Rb1 {[%emt 0:01:34]} Bg7 {[%emt 0:01:20]} 30. Nc5 {[%emt 0:00:09]} Rc8 {[%emt 0:03:01]} 31. Nxa6 {[%emt 0:00:34]} Rc2+ {[%emt 0:01:15]} 32. Kf1 {[%emt 0:00:08]} Rxa2 {[%emt 0:02:30]} 33. Rb8+ {[%emt 0:00:16]} Kh7 {[%emt 0:01:24]} 34. Nb4 {[%emt 0:00:09]} Ra1+ {[%emt 0:00:25]} 35. Kg2 {[%emt 0:00:02]} Rf5 {[%emt 0:01:06]} 36. Nc6 {[%emt 0:03:50]} Bf6 {[%emt 0:03:45]} 37. Rb7 {[%emt 0:01:02]} Ra3 {[%emt 0:01:36]} 38. Nh2 {[%emt 0:02:19]} Ra2 {[%emt 0:02:44]} 39. Nf3 {[%emt 0:00:19]} Ra3 {[%emt 0:00:06]} 40. Nh2 {[%emt 0:01:04]} Ra2 {[%emt 0:00:06]} 41. Nf3 {[%emt 0:00:35]} Ra3 {[%emt 0:01:38]} 1/2-1/2

[Event "XXXI Torre Memorial 2019"]
[Site "Merida"]
[Date "2019.12.14"]
[Round "2.18"]
[White "Ibarra Chami, Luis Fernando"]
[Black "Fernandez Rivero, Karla July"]
[Result "1-0"]
[WhiteElo "2423"]
[BlackElo "2046"]
[Annotator "NA"]
[PlyCount "101"]
[EventDate "2019.12.13"]
[EventType "swiss"]
[EventCountry "MEX"]
[SourceTitle "playchess.com"]
[Source "ChessBase"]
[SourceQuality "1"]
[TimeControl "5400+30"]

1. c4 e5 2. Nc3 Nf6 3. Nf3 Nc6 4. e4 Bb4 5. d3 a5 6. Be2 O-O 7. O-O h6 8. Nd5 Re8 9. Nxb4 axb4 10. h3 Qe7 11. Bd2 Nd8 12. Qe1 c5 13. Nh4 d6 14. f4 Nc6 15. Qg3 Nd4 16. Bd1 Kh7 17. Be3 b5 18. fxe5 dxe5 19. cxb5 Bd7 20. Bxd4 cxd4 21. Nf5 Bxf5 22. Rxf5 g6 23. Rf2 Kg7 24. Kh2 Reb8 25. Bb3 Rxb5 26. Raf1 Rb6 27. Qf3 Rg8 28. g4 Rc6 29. Qg3 Rf8 30. Kg2 Rfc8 31. h4 Rf8 32. Rf3 h5 33. g5 Ng4 34. Rxf7+ Rxf7 35. Rxf7+ Qxf7 36. Bxf7 Kxf7 37. Qf3+ Ke7 38. Kg3 Rc2 39. Qf1 Ke8 40. Qb1 Ne3 41. a4 Rg2+ 42. Kh3 b3 43. a5 Rf2 44. a6 Rf3+ 45. Kh2 Rf2+ 46. Kg1 Rf7 47. Qa1 Ra7 48. Qa5 Rf7 49. Qxe5+ Kf8 50. Qh8+ Ke7 51. Qf6+ 1-0

[Event "XXXI Torre Memorial 2019"]
[Site "Merida"]
[Date "2019.12.14"]
[Round "2.19"]
[White "Miranda Llanes, Yerisbel"]
[Black "Fernandez Guillen, Ernesto J."]
[Result "0-1"]
[WhiteElo "2280"]
[BlackElo "2407"]
[Annotator "NA"]
[PlyCount "82"]
[EventDate "2019.12.13"]
[EventType "swiss"]
[EventCountry "MEX"]
[SourceTitle "playchess.com"]
[Source "ChessBase"]
[SourceQuality "1"]
[TimeControl "5400+30"]

1. d4 Nf6 2. c4 e6 3. Nf3 Bb4+ 4. Nbd2 O-O 5. a3 Bxd2+ 6. Qxd2 b6 7. e3 Bb7 8. Be2 c5 9. O-O Qe7 10. b3 cxd4 11. Nxd4 d5 12. Bb2 Rd8 13. Qb4 Qe8 14. Rac1 Na6 15. Qb5 Qf8 16. b4 Nc7 17. Qa4 dxc4 18. Bxc4 a6 19. Be2 Ncd5 20. Qb3 Rac8 21. Rfd1 Qe7 22. Bf3 b5 23. Rxc8 Rxc8 24. Qd3 Nb6 25. Bxb7 Qxb7 26. Nb3 Na4 27. Bxf6 gxf6 28. Qd4 Nc3 29. Qg4+ Kf8 30. Nc5 Nxd1 31. Qxd1 Qd5 32. Qc2 Rd8 33. h3 Qd1+ 34. Qxd1 Rxd1+ 35. Kh2 Rd6 36. Kg3 Rc6 37. Kf4 Ke7 38. Ke4 Kd6 39. Nb7+ Kc7 40. Nc5 Rxc5 41. bxc5 Kc6 0-1

[Event "XXXI Torre Memorial 2019"]
[Site "Merida"]
[Date "2019.12.15"]
[Round "3.1"]
[White "Hevia Alejano, Carlos Antonio"]
[Black "Cordova, Emilio"]
[Result "1/2-1/2"]
[WhiteElo "2465"]
[BlackElo "2585"]
[Annotator "ChessBase"]
[PlyCount "51"]
[EventDate "2019.12.13"]
[EventType "swiss"]
[EventCountry "MEX"]
[SourceTitle "playchess.com"]
[Source "ChessBase"]
[SourceQuality "1"]
[TimeControl "5400+30"]

1. d4 {[%emt 0:00:00]} Nf6 {[%emt 0:00:00]} 2. Nf3 {[%emt 0:00:00]} e6 {[%emt 0:00:00]} 3. c4 {[%emt 0:00:03]} b6 {[%emt 0:03:41]} 4. g3 {[%emt 0:02:19]} Bb7 {[%emt 0:00:36]} 5. Bg2 {[%emt 0:00:12]} Be7 {[%emt 0:00:06]} 6. O-O {[%emt 0:00:28]} O-O {[%emt 0:00:11]} 7. Nc3 {[%emt 0:00:26]} Ne4 {[%emt 0:02:48]} 8. Qc2 {[%emt 0:03:18]} Nxc3 {[%emt 0:03:04]} 9. Qxc3 {[%emt 0:00:14]} Be4 {[%emt 0:04:06]} 10. Bf4 {[%emt 0:06:17]} d6 {[%emt 0:02:27]} 11. Ne1 {[%emt 0:05:32]} Bxg2 {[%emt 0:00:08]} 12. Nxg2 {[%emt 0:00:03]} Nc6 {[%emt 0:02:48]} 13. d5 {[%emt 0:06:09]} Bf6 {[%emt 0:00:25]} 14. Qd2 {[%emt 0:00:39]} Ne5 {[%emt 0:01:29]} 15. Rac1 {[%emt 0:02:21]} Re8 {[%emt 0:00:42]} 16. Bxe5 {[%emt 0:10:15]} Bxe5 {[%emt 0:01:19]} 17. b3 {[%emt 0:00:13]} Bf6 {[%emt 0:01:09]} 18. h4 {[%emt 0:05:48]} Qd7 {[%emt 0:00:43]} 19. e3 {[%emt 0:02:56]} c6 {[%emt 0:02:41]} 20. dxc6 {[%emt 0:02:31]} Qxc6 {[%emt 0:00:29]} 21. Rfd1 {[%emt 0:00:17]} Red8 {[%emt 0:00:09]} 22. Qe2 {[%emt 0:00:14]} Rac8 {[%emt 0:00:09]} 23. a4 {[%emt 0:01:21]} g6 {[%emt 0:00:20]} 24. Nf4 {[%emt 0:00:13]} a6 {[%emt 0:00:21]} 25. Qf1 {[%emt 0:00:11]} h5 {[%emt 0:00:36]} 26. Qg2 {[%emt 0:00:04]} 1/2-1/2

[Event "XXXI Torre Memorial 2019"]
[Site "Merida"]
[Date "2019.12.15"]
[Round "3.2"]
[White "Kevlishvili, Robby"]
[Black "Albornoz Cabrera, Carlos Daniel"]
[Result "1-0"]
[WhiteElo "2457"]
[BlackElo "2555"]
[Annotator "ChessBase"]
[PlyCount "75"]
[EventDate "2019.12.13"]
[EventType "swiss"]
[EventCountry "MEX"]
[SourceTitle "playchess.com"]
[Source "ChessBase"]
[SourceQuality "1"]
[TimeControl "5400+30"]

1. e4 {[%emt 0:00:00]} e5 {[%emt 0:00:00]} 2. Nf3 {[%emt 0:00:00]} Nc6 {[%emt 0:00:00]} 3. Bb5 {[%emt 0:00:00]} a6 {[%emt 0:00:00]} 4. Ba4 {[%emt 0:00:00]} Nf6 {[%emt 0:00:00]} 5. O-O {[%emt 0:00:00]} Be7 {[%emt 0:00:00]} 6. Re1 {[%emt 0:00:00]} b5 {[%emt 0:00:04]} 7. Bb3 {[%emt 0:00:05]} d6 {[%emt 0:00:04]} 8. c3 {[%emt 0:00:04]} O-O {[%emt 0:00:07]} 9. h3 {[%emt 0:00:31]} Na5 {[%emt 0:00:05]} 10. Bc2 {[%emt 0:00:04]} c5 {[%emt 0:00:03]} 11. d4 {[%emt 0:00:05]} Nd7 {[%emt 0:00:04]} 12. Nbd2 {[%emt 0:01:28]} exd4 {[%emt 0:00:26]} 13. cxd4 {[%emt 0:00:11]} Nc6 {[%emt 0:00:03]} 14. d5 {[%emt 0:06:53]} Nce5 {[%emt 0:00:29]} 15. Rb1 {[%emt 0:02:51]} Nxf3+ {[%emt 0:06:40]} 16. Nxf3 {[%emt 0:01:51]} Bf6 {[%emt 0:00:35]} 17. b4 {[%emt 0:12:20]} cxb4 {[%emt 0:04:46]} 18. Nd4 {[%emt 0:01:40]} Bxd4 {[%emt 0:07:15]} 19. Qxd4 Qc7 {[%emt 0:00:39]} 20. Bb2 {[%emt 0:03:54]} f6 {[%emt 0:01:12]} 21. Rec1 {[%emt 0:05:45]} Qa5 {[%emt 0:13:15]} 22. Ba1 {[%emt 0:00:42]} Ne5 {[%emt 0:02:37]} 23. Rxb4 {[%emt 0:08:45]} Bd7 {[%emt 0:02:51]} 24. f4 {[%emt 0:06:15]} Ng6 {[%emt 0:01:52]} 25. Rf1 {[%emt 0:00:27]} Qxa2 {[%emt 0:07:28]} 26. Bb1 {[%emt 0:02:37]} Qa5 {[%emt 0:00:58]} 27. Rb3 {[%emt 0:03:02]} Rac8 {[%emt 0:04:41]} 28. Bc3 {[%emt 0:01:19]} Qa4 {[%emt 0:17:19]} 29. Rb4 {[%emt 0:01:09]} Qa3 {[%emt 0:00:48]} 30. Bd2 {[%emt 0:01:28]} Nh4 {[%emt 0:06:26]} 31. Bd3 {[%emt 0:05:15]} Qa2 {[%emt 0:04:04]} 32. Rb2 {[%emt 0:00:59]} Qa3 {[%emt 0:02:21]} 33. Bb4 {[%emt 0:00:46]} Qa4 {[%emt 0:00:03]} 34. Qf2 {[%emt 0:00:08]} Ng6 {[%emt 0:00:30]} 35. Bc2 {[%emt 0:06:52]} Rxc2 {[%emt 0:00:26]} 36. Qxc2 {[%emt 0:00:02]} Re8 {[%emt 0:00:17]} 37. Qc7 {[%emt 0:01:15]} Rxe4 {[%emt 0:00:11]} 38. Qxd7 {[%emt 0:00:07]} 1-0

[Event "XXXI Torre Memorial 2019"]
[Site "Merida"]
[Date "2019.12.15"]
[Round "3.3"]
[White "Diaz Perez, Michel Alejandro"]
[Black "Almeida Quintana, Omar"]
[Result "1/2-1/2"]
[WhiteElo "2455"]
[BlackElo "2554"]
[Annotator "ChessBase"]
[PlyCount "73"]
[EventDate "2019.12.13"]
[EventType "swiss"]
[EventCountry "MEX"]
[SourceTitle "playchess.com"]
[Source "ChessBase"]
[SourceQuality "1"]
[TimeControl "5400+30"]

1. d4 d6 2. c4 e5 3. dxe5 dxe5 4. Qxd8+ Kxd8 5. Nc3 Be6 6. Nf3 f6 7. e4 Nd7 8. Be2 c6 9. Be3 Ne7 10. O-O Nc8 11. Na4 Ncb6 12. Nxb6 axb6 13. a3 Bc5 14. Bd2 Kc7 15. Bc3 Bg4 16. Rfd1 Nf8 17. b4 Bd6 18. Kf1 Ne6 19. Nh4 Bxe2+ 20. Kxe2 g6 21. a4 Ra7 22. Ra2 Nd4+ 23. Bxd4 exd4 24. b5 Rha8 25. Rxd4 Be5 26. Rd3 Rxa4 27. Rad2 cxb5 28. Rd7+ Kc6 29. cxb5+ Kxb5 30. Nf3 Rxe4+ 31. Kd3 Rb4 32. Nxe5 fxe5 33. Rxb7 Rd8+ 34. Ke3 Rxd2 35. Kxd2 Rg4 36. h3 Rf4 37. Ke3 1/2-1/2